[Event "Titled Tuesday intern op 14th Nov Early"]
[Site "Chess.com INT"]
[Date "2023.11.14"]
[Round "11"]
[White "Lopez Martinez, Josep Manuel"]
[Black "Chinguun, Sumiya"]
[Result "1-0"]
[WhiteElo "2474"]
[BlackElo "2319"]
[PlyCount "57"]
[EventDate "2023.11.14"]
[EventType "swiss (blitz)"]
[EventRounds "11"]
[EventCountry "USA"]
[SourceTitle "CB47_2023"]
[SourceDate "2023.11.22"]
[SourceVersion "1"]
[SourceVersionDate "2023.11.22"]
[SourceQuality "1"]

1. e4 c5 2. Nf3 Nc6 3. d4 cxd4 4. Nxd4 g6 5. c4 Nf6 6. Nc3 Nxd4 7. Qxd4 d6 8. f3 Bg7 9. Be3 0-0 10. Qd2 Be6 11. b3 Rc8 12. 0-0-0 a6 13. Kb1 b5 14. cxb5 axb5 15. Nxb5 d5 16. e5 Nd7 17. f4 Nc5 18. Bxc5 Rxc5 19. Nd4 Bg4 20. Be2 Bd7 21. Bf3 f6 22. e6 Be8 23. f5 gxf5 24. Nxf5 Bg6 25. g4 d4 26. Be4 h5 27. h3 Re5 28. Qg2 Qb6 29. Nxe7+ 1-0

[Event "Titled Tuesday intern op 14th Nov Early"]
[Site "Chess.com INT"]
[Date "2023.11.14"]
[Round "7"]
[White "Ruge, Edison"]
[Black "Lopez Martinez, Josep Manuel"]
[Result "0-1"]
[WhiteElo "2201"]
[BlackElo "2474"]
[PlyCount "136"]
[EventDate "2023.11.14"]
[EventType "swiss (blitz)"]
[EventRounds "11"]
[EventCountry "USA"]
[SourceTitle "CB47_2023"]
[SourceDate "2023.11.22"]
[SourceVersion "1"]
[SourceVersionDate "2023.11.22"]
[SourceQuality "1"]

1. e4 c5 2. Nc3 e6 3. f4 d5 4. Bb5+ Bd7 5. Bxd7+ Qxd7 6. d3 Nc6 7. Nf3 dxe4 8. Nxe4 Be7 9. 0-0 Nf6 10. Kh1 Rd8 11. Nc3 0-0 12. Be3 b6 13. Ne5 Qc8 14. Qf3 Nd5 15. Nxd5 Rxd5 16. Nxc6 Qxc6 17. Rae1 Qd7 18. Qe4 Bf6 19. b3 Rd8 20. Re2 g6 21. h3 Bd4 22. Bc1 Bg7 23. Be3 b5 24. Ref2 a6 25. g4 f5 26. Qg2 Bd4 27. Bxd4 Rxd4 28. Re1 Qd6 29. gxf5 exf5 30. Qf3 Kf7 31. Re5 Rd5 32. Rfe2 Rd7 33. Kg2 Rxe5 34. Rxe5 Re7 35. Rd5 Qc7 36. Kg3 Rd7 37. c4 Rd6 38. Qe3 Rxd5 39. cxd5 Qd6 40. Qe5 Qxe5 41. fxe5 g5 42. Kf3 h5 43. Kg3 h4+ 44. Kf3 Ke7 45. a3 a5 46. Ke3 Kd7 47. Kf3 Ke7 48. Ke3 g4 49. hxg4 fxg4 50. Kf2 Kf7 51. Kg2 Kg6 52. Kh2 Kf5 53. d6 Ke6 54. Kg2 Kd7 55. Kh2 Ke6 56. Kg2 a4 57. bxa4 c4 58. dxc4 bxc4 59. a5 c3 60. a6 c2 61. a7 c1Q 62. a8Q Qd2+ 63. Kf1 Qd1+ 64. Kg2 Qe2+ 65. Kg1 Qe1+ 66. Kh2 Qf2+ 67. Qg2 Qf4+ 68. Kh1 Kxe5 0-1

[Event "ESP-ch 88th"]
[Site "Marbella"]
[Date "2023.10.17"]
[Round "5"]
[White "Lopez Martinez, Josep Manuel"]
[Black "Garcia Martin, Marta"]
[Result "1-0"]
[WhiteElo "2470"]
[BlackElo "2337"]
[PlyCount "57"]
[EventDate "2023.10.13"]
[EventType "swiss"]
[EventRounds "9"]
[EventCountry "ESP"]
[SourceTitle "Mega2024 Update 01"]
[Source "Chessbase"]
[SourceDate "2023.11.12"]
[SourceVersion "1"]
[SourceVersionDate "2023.11.12"]
[SourceQuality "1"]

1. e4 e5 2. Nf3 Nc6 3. Bc4 d6 4. d4 Nf6 5. Nc3 Be7 6. dxe5 Nxe5 7. Be2 0-0 8. 0-0 c6 9. a4 a5 10. h3 Re8 11. Bf4 Qc7 12. Nd4 Ng6 13. Bh2 Bf8 14. Bd3 Qb6 15. Nde2 Qxb2 16. f4 Qb6+ 17. Kh1 Nd7 18. Rb1 Qd8 19. Bg1 Be7 20. Qd2 Nc5 21. Rfd1 b6 22. Nd4 Qc7 23. Nxc6 Nxd3 24. Nxe7+ Nxe7 25. cxd3 Rb8 26. f5 Bd7 27. f6 gxf6 28. Bd4 d5 29. Qh6 1-0

[Event "ESP-ch 88th"]
[Site "Marbella"]
[Date "2023.10.13"]
[Round "1"]
[White "Lopez Martinez, Josep Manuel"]
[Black "Garijo Perez, Hugo"]
[Result "1-0"]
[WhiteElo "2470"]
[BlackElo "2153"]
[PlyCount "89"]
[EventDate "2023.10.13"]
[EventType "swiss"]
[EventRounds "9"]
[EventCountry "ESP"]
[SourceTitle "Mega2024 Update 01"]
[Source "Chessbase"]
[SourceDate "2023.11.12"]
[SourceVersion "1"]
[SourceVersionDate "2023.11.12"]
[SourceQuality "1"]

1. c4 f5 2. g3 Nf6 3. Bg2 d6 4. Nc3 g6 5. e3 c6 6. Nge2 Bg7 7. b3 e5 8. Bb2 0-0 9. d4 Na6 10. Qd2 e4 11. h4 Be6 12. Nf4 Bf7 13. Bf1 Nc7 14. Be2 h5 15. 0-0-0 Qd7 16. d5 Rfd8 17. dxc6 bxc6 18. Kb1 c5 19. Qc1 Qc6 20. Rd2 Nd7 21. Rhd1 Ne5 22. Nb5 Nxb5 23. cxb5 Qb6 24. Qc2 Rac8 25. Nd5 Qb7 26. Bxe5 Bxe5 27. Bc4 Kg7 28. a4 Bxd5 29. Rxd5 Qc7 30. Qd2 Rb8 31. Kc2 Re8 32. Rxd6 Qxd6 33. Qxd6 Bxd6 34. Rxd6 Red8 35. Ra6 Rb7 36. a5 Rc7 37. Kc3 Rb8 38. Rd6 Kh7 39. Rc6 Rxc6 40. bxc6 Rc8 41. Bd5 Kg7 42. Kc4 Kf6 43. Kxc5 Ke5 44. b4 a6 45. Bc4 1-0

[Event "ESP-chT CECLUB Div2"]
[Site "Linares"]
[Date "2023.08.17"]
[Round "6.7"]
[White "Lopez Martinez, Josep Manuel"]
[Black "Lianes Garcia, Marcos"]
[Result "1/2-1/2"]
[WhiteElo "2458"]
[BlackElo "2391"]
[PlyCount "129"]
[EventDate "2023.08.13"]
[EventType "team-swiss"]
[EventRounds "7"]
[EventCountry "ESP"]
[SourceTitle "EXT 2024"]
[Source "ChessBase"]
[SourceDate "2023.10.10"]
[SourceVersion "1"]
[SourceVersionDate "2023.10.10"]
[SourceQuality "1"]
[WhiteTeam "Granada Aimpulsa"]
[BlackTeam "Collado Villalba"]
[WhiteTeamCountry "ESP"]
[BlackTeamCountry "ESP"]

1. e4 e5 2. Nf3 Nc6 3. Bb5 a6 4. Ba4 Nf6 5. 0-0 Be7 6. d3 b5 7. Bb3 d6 8. Bd2 0-0 9. Re1 Bb7 10. a3 Qd7 11. h3 Nd8 12. c4 Ne6 13. Nc3 c5 14. Ba2 Bd8 15. b4 Bb6 16. Rb1 Bc6 17. Nd5 Bxd5 18. cxd5 Nd4 19. Nxd4 cxd4 20. Rc1 Rac8 21. Qb3 h6 22. Rf1 Kh7 23. Kh2 Ng8 24. f4 exf4 25. Bxf4 Ne7 26. Bg3 f6 27. Rxc8 Rxc8 28. Qb1 Ng6 29. Bb3 Ne5 30. Bd1 Qe7 31. Be1 Rc3 32. Bxc3 dxc3 33. a4 Bd4 34. axb5 axb5 35. Bc2 Qe8 36. Qd1 Qa8 37. Qa1 Qe8 38. Rf5 Qc8 39. g3 Be3 40. Qa2 Bd4 41. Kg2 Bb6 42. Rf1 Bd4 43. Qa5 Qe8 44. Rf5 Qd7 45. Qa6 Nf7 46. Qc6 Qa7 47. Qxb5 Be5 48. d4 Qxd4 49. h4 h5 50. Rxh5+ Nh6 51. Qe2 Qxb4 52. g4 g6 53. g5 gxh5 54. Qxh5 fxg5 55. hxg5 Qb7 56. Qxh6+ Kg8 57. Qe6+ Qf7 58. Qc8+ Kg7 59. Qf5 Qxf5 60. exf5 Bf4 61. g6 Kf6 62. Kf3 Be5 63. Bd3 Ke7 64. Kg4 Kf6 65. Bc2 1/2-1/2

[Event "ESP-chT CECLUB Div2"]
[Site "Linares"]
[Date "2023.08.15"]
[Round "4.7"]
[White "Lopez Martinez, Josep Manuel"]
[Black "Forgas Moreno, Yaniela"]
[Result "1-0"]
[WhiteElo "2458"]
[BlackElo "2297"]
[PlyCount "129"]
[EventDate "2023.08.13"]
[EventType "team-swiss"]
[EventRounds "7"]
[EventCountry "ESP"]
[SourceTitle "EXT 2024"]
[Source "ChessBase"]
[SourceDate "2023.10.10"]
[SourceVersion "1"]
[SourceVersionDate "2023.10.10"]
[SourceQuality "1"]
[WhiteTeam "Granada Aimpulsa"]
[BlackTeam "Gijon 64"]
[WhiteTeamCountry "ESP"]
[BlackTeamCountry "ESP"]

1. e4 c5 2. Nc3 Nc6 3. Nf3 e5 4. Bc4 d6 5. d3 Be7 6. 0-0 Nf6 7. Ng5 0-0 8. f4 exf4 9. Bxf4 Na5 10. Qd2 Nxc4 11. dxc4 h6 12. Nf3 Be6 13. b3 Nh5 14. Be3 Bf6 15. Rad1 Qa5 16. Nb5 Qxd2 17. Rxd2 Be7 18. Nxd6 Bxd6 19. Rxd6 b6 20. e5 Rae8 21. a4 Bf5 22. Rf2 Bg4 23. a5 Re6 24. Rxe6 Bxe6 25. Rd2 Rb8 26. Rd6 Bf5 27. Kf2 Bxc2 28. axb6 axb6 29. g4 Bxb3 30. Nd2 Bd1 31. gxh5 Bxh5 32. Rd3 Ra8 33. Rb3 Ra6 34. Ne4 Bg6 35. Nd6 Bc2 36. Rc3 Ra2 37. Kg3 Rb2 38. Ra3 Rb4 39. h4 Kh7 40. Bd2 Rb3+ 41. Rxb3 Bxb3 42. Kg4 Bd1+ 43. Kf5 Bc2+ 44. Kf4 Bd3 45. Be1 Kg8 46. h5 Kf8 47. Bh4 Be2 48. Bd8 Bxh5 49. Bxb6 g5+ 50. Ke4 Ke7 51. Nf5+ Kd7 52. Nxh6 Kc6 53. Bd8 Be2 54. Nxf7 g4 55. e6 g3 56. Bh4 g2 57. Bf2 Bf1 58. Kf5 Kc7 59. Ne5 Kd6 60. Kf6 Be2 61. Bg1 Bh5 62. Nf7+ Kc6 63. Bh2 Be2 64. Nd8+ Kb6 65. e7 1-0

[Event "La Roda op 49th"]
[Site "La Roda"]
[Date "2023.04.08"]
[Round "6"]
[White "Phatak, Aanjaneya"]
[Black "Lopez Martinez, Josep Manuel"]
[Result "0-1"]
[WhiteElo "2070"]
[BlackElo "2476"]
[PlyCount "76"]
[EventDate "2023.04.05"]
[EventType "swiss"]
[EventRounds "9"]
[EventCountry "ESP"]
[SourceTitle "CBM 213 Extra"]
[Source "ChessBase"]
[SourceDate "2023.05.31"]
[SourceVersion "1"]
[SourceVersionDate "2023.05.31"]
[SourceQuality "1"]

1. e4 g6 2. d4 Bg7 3. Nf3 c6 4. c4 d6 5. Nc3 Bg4 6. Be3 Nd7 7. Be2 e5 8. Qd2 Ngf6 9. d5 c5 10. h3 Bxf3 11. Bxf3 h5 12. 0-0 a6 13. Bg5 Bf8 14. Bd1 Be7 15. Ba4 Nh7 16. Bxe7 Qxe7 17. Rab1 Nhf6 18. b4 0-0 19. Bxd7 Nxd7 20. Ne2 cxb4 21. Rxb4 Nc5 22. Qe3 Rac8 23. g3 h4 24. Kg2 Rc7 25. Ng1 hxg3 26. fxg3 f5 27. exf5 gxf5 28. Qh6 Ne4 29. c5 Rf6 30. Qh5 Qf7 31. Qh4 Qxd5 32. Rxe4 Rcf7 33. Rff4 fxe4 34. Rxe4 Rf5 35. Nf3 Rg7 36. Qd8+ Rf8 37. Qh4 Qxa2+ 38. Kh1 Rxf3 0-1

[Event "Speed Chess Q1"]
[Site "Chess.com INT"]
[Date "2022.11.10"]
[Round "10"]
[White "Harsh, Suresh"]
[Black "Lopez Martinez, Josep Manuel"]
[Result "1-0"]
[WhiteElo "2280"]
[BlackElo "2493"]
[PlyCount "123"]
[EventDate "2022.11.10"]
[EventType "swiss (blitz)"]
[EventRounds "14"]
[EventCountry "USA"]
[SourceTitle "CBM 211 Extra"]
[Source "ChessBase"]
[SourceDate "2023.01.31"]
[SourceVersion "1"]
[SourceVersionDate "2023.01.31"]
[SourceQuality "1"]

1. Nf3 d5 2. c4 d4 3. b4 g5 4. d3 g4 5. Nfd2 e5 6. b5 Nf6 7. g3 h5 8. h4 a6 9. Bg2 axb5 10. cxb5 Nbd7 11. Nc4 Bc5 12. 0-0 Qe7 13. a4 Kf8 14. Bg5 Qe6 15. Bxf6 Nxf6 16. Nbd2 Ra7 17. Qb3 b6 18. Rfc1 Bd7 19. a5 bxa5 20. Nxa5 Bb6 21. Qxe6 Bxe6 22. Nc6 Rxa1 23. Rxa1 Nd7 24. Nc4 f6 25. Nxb6 cxb6 26. Ra7 Kf7 27. Be4 Rc8 28. Kf1 Kf8 29. Ke1 Nc5 30. Bg6 Bd7 31. Bxh5 Bxc6 32. bxc6 Rxc6 33. Bxg4 b5 34. Ra8+ Kg7 35. Rb8 Nb3 36. f4 Rc1+ 37. Kf2 Nd2 38. Rxb5 Rf1+ 39. Kg2 exf4 40. Rf5 Re1 41. Rxf4 Nb3 42. Kf2 Ra1 43. Be6 Nc1 44. Rxd4 f5 45. Bxf5 Ra2 46. Bg4 Kf6 47. Bf3 Ke5 48. Rd5+ Ke6 49. h5 Nxe2 50. Ke3 Nxg3 51. Rg5 Nf5+ 52. Kf4 Ra4+ 53. Be4 Nd6 54. h6 Nf7 55. Rg6+ Ke7 56. h7 Ra1 57. Rg7 Rf1+ 58. Ke3 Re1+ 59. Kd4 Rh1 60. Bxh1 Kf6 61. Rxf7+ Kxf7 62. h8Q 1-0

[Event "Speed Chess Q1"]
[Site "Chess.com INT"]
[Date "2022.11.10"]
[Round "9"]
[White "Lewtak, Damian"]
[Black "Lopez Martinez, Josep Manuel"]
[Result "1-0"]
[WhiteElo "2385"]
[BlackElo "2493"]
[PlyCount "91"]
[EventDate "2022.11.10"]
[EventType "swiss (blitz)"]
[EventRounds "14"]
[EventCountry "USA"]
[SourceTitle "CBM 211 Extra"]
[Source "ChessBase"]
[SourceDate "2023.01.31"]
[SourceVersion "1"]
[SourceVersionDate "2023.01.31"]
[SourceQuality "1"]

1. f4 d5 2. Nf3 c6 3. b3 Bg4 4. Ne5 Bf5 5. Bb2 f6 6. Nf3 c5 7. e3 Nc6 8. Bb5 Rc8 9. 0-0 Nh6 10. d3 Qd7 11. Nbd2 Bg4 12. Qe1 a6 13. Bxc6 Rxc6 14. e4 d4 15. h3 Bh5 16. Qh4 Bf7 17. a4 b6 18. Nc4 g6 19. e5 Nf5 20. Qf2 Bd5 21. Rfe1 Kf7 22. exf6 Bxc4 23. fxe7 Bg7 24. bxc4 Re8 25. Qe2 Rxe7 26. Ng5+ Kg8 27. Qf3 h6 28. Ne4 Rce6 29. a5 b5 30. Re2 Qc6 31. Rae1 bxc4 32. Ba3 cxd3 33. cxd3 Ne3 34. Nxc5 Qxf3 35. gxf3 Rc6 36. Nb3 Rd7 37. Bb2 Nf5 38. Nd2 Rc2 39. Nc4 Rxb2 40. Rxb2 Nh4 41. Kf2 Rf7 42. Rb8+ Kh7 43. Re4 g5 44. Rb6 gxf4 45. Rxa6 Ng6 46. Rb6 1-0

[Event "Speed Chess Q1"]
[Site "Chess.com INT"]
[Date "2022.11.10"]
[Round "1"]
[White "Lopez Martinez, Josep Manuel"]
[Black "Vokhidov, Shamsiddin"]
[Result "0-1"]
[WhiteElo "2493"]
[BlackElo "2568"]
[PlyCount "108"]
[EventDate "2022.11.10"]
[EventType "swiss (blitz)"]
[EventRounds "14"]
[EventCountry "USA"]
[SourceTitle "CBM 211 Extra"]
[Source "ChessBase"]
[SourceDate "2023.01.31"]
[SourceVersion "1"]
[SourceVersionDate "2023.01.31"]
[SourceQuality "1"]

1. e4 c5 2. Nf3 d6 3. d4 cxd4 4. Nxd4 Nf6 5. Nc3 Nc6 6. Bg5 a6 7. Qd3 Nxd4 8. Qxd4 Qa5 9. Bd2 e5 10. Qd3 Qb6 11. 0-0-0 Be6 12. f3 Rc8 13. Be3 Qa5 14. a3 Be7 15. Qd2 b5 16. Kb1 b4 17. Na2 Bxa2+ 18. Kxa2 0-0 19. Qxb4 Qxb4 20. axb4 Rxc2 21. Bxa6 Rxg2 22. b5 g6 23. Kb3 Rb8 24. Rc1 Nd7 25. Rc7 Rd8 26. b6 Nxb6 27. Bxb6 Bg5 28. Bc4 Rb8 29. Rc6 Be3 30. Bf1 Rf2 31. Kc4 Bxb6 32. Bd3 Rxf3 33. b4 Bd4 34. b5 Rf2 35. Rb1 Rxh2 36. b6 Rxb6 37. Rbxb6 Bxb6 38. Rxb6 h5 39. Rxd6 h4 40. Rxg6+ fxg6 41. Kd5 h3 42. Kxe5 Rf2 43. Bc4+ Kg7 44. Kd4 h2 45. Ke3 Rf8 46. Bd5 h1Q 47. e5 Qe1+ 48. Kd4 Rd8 49. e6 Qd2+ 50. Ke4 Qxd5+ 51. Kf4 Qxe6 52. Kg3 Qe3+ 53. Kh2 Rd2+ 54. Kh1 Qe1# 0-1

[Event "Speed Chess Q1"]
[Site "Chess.com INT"]
[Date "2022.11.10"]
[Round "7"]
[White "Samadov, Read"]
[Black "Lopez Martinez, Josep Manuel"]
[Result "1-0"]
[WhiteElo "2450"]
[BlackElo "2493"]
[PlyCount "103"]
[EventDate "2022.11.10"]
[EventType "swiss (blitz)"]
[EventRounds "14"]
[EventCountry "USA"]
[SourceTitle "CBM 211 Extra"]
[Source "ChessBase"]
[SourceDate "2023.01.31"]
[SourceVersion "1"]
[SourceVersionDate "2023.01.31"]
[SourceQuality "1"]

1. d4 d5 2. c4 e6 3. Nf3 h6 4. g3 Nf6 5. Bg2 Bb4+ 6. Bd2 a5 7. 0-0 Nc6 8. a3 Bd6 9. Nc3 0-0 10. cxd5 exd5 11. Rc1 Be6 12. Nb5 Be7 13. Bf4 Ne8 14. Qd2 Nd6 15. Nxd6 Bxd6 16. Rc3 Bxf4 17. Qxf4 Re8 18. Rfc1 Qd6 19. Qxd6 cxd6 20. e3 a4 21. Bf1 Na5 22. Bb5 Red8 23. Nd2 Bd7 24. Be2 b5 25. Rc7 Nc4 26. Nxc4 dxc4 27. d5 Rac8 28. Rb7 Rb8 29. Rc7 Be8 30. e4 Rd7 31. Rxd7 Bxd7 32. f3 f5 33. Kf2 fxe4 34. fxe4 b4 35. Bxc4 bxa3 36. bxa3 Rb2+ 37. Ke3 Rxh2 38. Rb1 Rg2 39. Rb7 Bg4 40. Kf4 h5 41. e5 Rf2+ 42. Kg5 Kh7 43. Bd3+ Kg8 44. Rb8+ Rf8 45. Bh7+ Kf7 46. Bg6+ Kg8 47. Bh7+ Kf7 48. e6+ Bxe6 49. dxe6+ Ke7 50. Rxf8 Kxf8 51. Kxh5 Ke7 52. Bc2 1-0

[Event "Catalunya-ch"]
[Site "Llinars del Valles"]
[Date "2022.10.31"]
[Round "5"]
[White "Aroshidze, Levan"]
[Black "Lopez Martinez, Josep Manuel"]
[Result "1-0"]
[WhiteElo "2519"]
[BlackElo "2493"]
[PlyCount "91"]
[EventDate "2022.10.28"]
[EventType "tourn"]
[EventRounds "7"]
[EventCountry "ESP"]
[EventCategory "10"]
[SourceTitle "EXT 2024"]
[Source "ChessBase"]
[SourceDate "2023.10.10"]
[SourceVersion "1"]
[SourceVersionDate "2023.10.10"]
[SourceQuality "1"]

1. e4 e6 2. d4 d5 3. Nc3 Nf6 4. e5 Nfd7 5. f4 c5 6. Nf3 Nc6 7. Be3 a6 8. Qd2 b5 9. dxc5 Bxc5 10. Bd3 Qb6 11. Bf2 Bxf2+ 12. Qxf2 Nc5 13. 0-0 b4 14. Ne2 a5 15. Kh1 g6 16. Qh4 Ba6 17. Qf6 Rf8 18. Ng5 Bxd3 19. cxd3 Nd7 20. Qg7 Ne7 21. Ng3 h5 22. f5 exf5 23. Rae1 Nc5 24. Nh7 Ne6 25. Qh6 Kd7 26. Nxf8+ Rxf8 27. Ne2 Qb8 28. Qe3 Rc8 29. Nf4 Rc2 30. Nxe6 fxe6 31. Rf2 Rxf2 32. Qxf2 g5 33. Qc5 Qc7 34. Qb5+ Kd8 35. a3 bxa3 36. bxa3 f4 37. Qa6 Qc2 38. Qxe6 f3 39. Qb6+ Ke8 40. Qb8+ Nc8 41. gxf3 g4 42. fxg4 Qc6 43. gxh5 d4+ 44. Kg1 Ke7 45. e6 Nd6 46. Qa7+ 1-0

[Event "Catalunya-ch"]
[Site "Llinars del Valles"]
[Date "2022.10.31"]
[Round "6"]
[White "Lopez Martinez, Josep Manuel"]
[Black "Gines Esteo, Pedro Antonio"]
[Result "0-1"]
[WhiteElo "2493"]
[BlackElo "2492"]
[PlyCount "125"]
[EventDate "2022.10.28"]
[EventType "tourn"]
[EventRounds "7"]
[EventCountry "ESP"]
[EventCategory "10"]
[SourceTitle "EXT 2024"]
[Source "ChessBase"]
[SourceDate "2023.10.10"]
[SourceVersion "1"]
[SourceVersionDate "2023.10.10"]
[SourceQuality "1"]

1. e4 c6 2. d4 d5 3. Nc3 dxe4 4. Nxe4 Bf5 5. Ng3 Bg6 6. h4 h6 7. Nf3 e6 8. Ne5 Bh7 9. Bd3 Bxd3 10. Qxd3 Nd7 11. Qe2 Ngf6 12. Bd2 c5 13. Nxd7 Qxd7 14. dxc5 Qc6 15. 0-0-0 0-0-0 16. Bc3 Bxc5 17. Bxf6 gxf6 18. Ne4 Be7 19. g4 h5 20. gxh5 Rd5 21. Rhg1 Re5 22. f3 Rexh5 23. Rd4 Kb8 24. Rgd1 Rxh4 25. Rd7 Rh2 26. Qd3 Rc8 27. Nd2 Qc5 28. c3 Rc7 29. Rd4 a6 30. Rg1 Ka7 31. Rg8 Qa5 32. a4 Qb6 33. Kb1 Ba3 34. b4 Qc6 35. Rdd8 Bxb4 36. Qe3+ Qc5 37. Ra8+ Kb6 38. Nc4+ Kc6 39. Qe4+ Qd5 40. cxb4 Rh1+ 41. Kb2 Rh2+ 42. Ka3 Qxe4 43. fxe4 Rh3+ 44. Kb2 Rh2+ 45. Ka3 Rh3+ 46. Ka2 Rh2+ 47. Nb2 Re2 48. Rg3 Kd6 49. Kb3 Rxe4 50. Nd3 f5 51. Nc5 Rg4 52. Rd3+ Ke7 53. a5 f4 54. Rb8 e5 55. Rxb7 Rxb7 56. Nxb7 e4 57. Rd1 f3 58. b5 axb5 59. a6 e3 60. a7 Ra4 61. Nd8 e2 62. Nc6+ Kf6 63. Rd6+ 0-1

[Event "Catalunya-ch"]
[Site "Llinars del Valles"]
[Date "2022.10.30"]
[Round "4"]
[White "Lopez Martinez, Josep Manuel"]
[Black "Alonso Rosell, Alvar"]
[Result "1/2-1/2"]
[WhiteElo "2493"]
[BlackElo "2563"]
[PlyCount "63"]
[EventDate "2022.10.28"]
[EventType "tourn"]
[EventRounds "7"]
[EventCountry "ESP"]
[EventCategory "10"]
[SourceTitle "EXT 2024"]
[Source "ChessBase"]
[SourceDate "2023.10.10"]
[SourceVersion "1"]
[SourceVersionDate "2023.10.10"]
[SourceQuality "1"]

1. e4 e5 2. Nf3 Nc6 3. Bb5 a6 4. Ba4 d6 5. c3 Bd7 6. 0-0 g6 7. d4 Bg7 8. Re1 Nf6 9. Bc2 exd4 10. cxd4 Bg4 11. Be3 Nd7 12. Nc3 Nb6 13. Bb3 0-0 14. Rc1 Qf6 15. Nd5 Nxd5 16. Bxd5 Bxf3 17. Qxf3 Qxf3 18. gxf3 Nxd4 19. Bxd4 Bxd4 20. Rxc7 Rac8 21. Rec1 Bc5 22. Rxc8 Rxc8 23. Kg2 a5 24. a4 b6 25. b3 Kg7 26. Rd1 Rc7 27. Bc4 Re7 28. Rd5 Re5 29. Rxe5 dxe5 30. Bd5 f5 31. Bc4 Kf6 32. h3 1/2-1/2

[Event "Catalunya-ch"]
[Site "Llinars del Valles"]
[Date "2022.10.29"]
[Round "2"]
[White "Asis Gargatagli, Hipolito"]
[Black "Lopez Martinez, Josep Manuel"]
[Result "1/2-1/2"]
[WhiteElo "2503"]
[BlackElo "2493"]
[PlyCount "140"]
[EventDate "2022.10.28"]
[EventType "tourn"]
[EventRounds "7"]
[EventCountry "ESP"]
[EventCategory "10"]
[SourceTitle "EXT 2024"]
[Source "ChessBase"]
[SourceDate "2023.10.10"]
[SourceVersion "1"]
[SourceVersionDate "2023.10.10"]
[SourceQuality "1"]

1. e4 e5 2. Nf3 Nc6 3. Bc4 Bc5 4. c3 Nf6 5. d3 d6 6. Bg5 h6 7. Bh4 Qe7 8. 0-0 a6 9. Nbd2 Ba7 10. Kh1 g5 11. Bg3 Nh5 12. b4 0-0 13. a4 Kg7 14. b5 Nb8 15. d4 f6 16. Be2 Nf4 17. Bxf4 exf4 18. Bd3 Nd7 19. g3 fxg3 20. fxg3 axb5 21. axb5 Nb6 22. Ra5 Bb8 23. Rxa8 Nxa8 24. Nc4 Nb6 25. Ne3 d5 26. e5 c6 27. bxc6 bxc6 28. Qb1 Qa7 29. Bf5 Nc4 30. Nxc4 Bxf5 31. Qxf5 fxe5 32. Qe6 dxc4 33. dxe5 Qe3 34. Kg2 Ba7 35. Qxc4 h5 36. Nd4 Qd2+ 37. Kg1 Qe3+ 38. Kg2 Qe4+ 39. Kg1 Rxf1+ 40. Kxf1 Qh1+ 41. Ke2 Qxh2+ 42. Kd1 Qg1+ 43. Ke2 Qg2+ 44. Kd1 Bxd4 45. cxd4 h4 46. gxh4 gxh4 47. Qe6 Qf3+ 48. Kd2 h3 49. Qd7+ Kh6 50. Qd6+ Kg5 51. Qe7+ Kh5 52. e6 Qg2+ 53. Kc3 Qg3+ 54. Kc4 h2 55. Qh7+ Kg4 56. e7 Qe1 57. Qg6+ Kf4 58. e8Q Qxe8 59. Qxe8 h1Q 60. Qe5+ Kg4 61. Kc5 Qc1+ 62. Kb6 Qc2 63. Qe6+ Kf4 64. Qxc6 Qb2+ 65. Kc5 Qc2+ 66. Kd6 Qg6+ 67. Kc7 Qg7+ 68. Qd7 Qxd7+ 69. Kxd7 Ke4 70. Kc6 Kxd4 1/2-1/2

[Event "Catalunya-ch"]
[Site "Llinars del Valles"]
[Date "2022.10.29"]
[Round "3"]
[White "Lopez Martinez, Josep Manuel"]
[Black "Garriga Cazorla, Pere"]
[Result "1/2-1/2"]
[WhiteElo "2493"]
[BlackElo "2483"]
[PlyCount "105"]
[EventDate "2022.10.28"]
[EventType "tourn"]
[EventRounds "7"]
[EventCountry "ESP"]
[EventCategory "10"]
[SourceTitle "EXT 2024"]
[Source "ChessBase"]
[SourceDate "2023.10.10"]
[SourceVersion "1"]
[SourceVersionDate "2023.10.10"]
[SourceQuality "1"]

1. d4 Nf6 2. c4 c5 3. d5 g6 4. Nc3 Bg7 5. e4 d6 6. f3 e6 7. Bg5 h6 8. Be3 exd5 9. cxd5 a6 10. a4 Nbd7 11. Nh3 Ne5 12. Nf2 Bd7 13. Be2 g5 14. g3 b5 15. f4 b4 16. Nb1 Ng6 17. Nd2 0-0 18. fxg5 hxg5 19. Bxg5 Qe8 20. Qb3 Qe5 21. h4 Nh7 22. Nc4 Qe8 23. Nxd6 Qb8 24. Nc4 Nxg5 25. hxg5 Re8 26. 0-0-0 Ne5 27. Rd2 Ra7 28. Kb1 Qd8 29. Nd6 Qxg5 30. Rc2 Rd8 31. Rh5 Qe7 32. Nf5 Bxf5 33. Rxf5 a5 34. Bb5 Rc7 35. Bc4 Rd6 36. Nd3 Nxd3 37. Qxd3 Rf6 38. Rcf2 Rxf5 39. Rxf5 Qd6 40. Qf3 Re7 41. Ka2 Kf8 42. g4 Qh2 43. e5 Bxe5 44. Qb3 Bd6 45. Rh5 Qf4 46. Rf5 Qh2 47. Rh5 Qf4 48. Rf5 Qc1 49. Rf1 Qe3 50. Rf6 Qxb3+ 51. Kxb3 Re3+ 52. Kc2 Rg3 53. b3 1/2-1/2

[Event "Catalunya-ch"]
[Site "Llinars del Valles"]
[Date "2022.10.28"]
[Round "1"]
[White "Lopez Martinez, Josep Manuel"]
[Black "Diaz Camallonga, Carles"]
[Result "1/2-1/2"]
[WhiteElo "2493"]
[BlackElo "2474"]
[PlyCount "185"]
[EventDate "2022.10.28"]
[EventType "tourn"]
[EventRounds "7"]
[EventCountry "ESP"]
[EventCategory "10"]
[SourceTitle "EXT 2024"]
[Source "ChessBase"]
[SourceDate "2023.10.10"]
[SourceVersion "1"]
[SourceVersionDate "2023.10.10"]
[SourceQuality "1"]

1. c4 e6 2. Nf3 Nf6 3. d4 d5 4. Nc3 c6 5. e3 Nbd7 6. Be2 b6 7. 0-0 Bb7 8. b3 Bd6 9. Bb2 0-0 10. Qc2 Qc7 11. Rad1 Rfe8 12. h3 Rac8 13. Rfe1 h6 14. Bf1 Qb8 15. e4 dxe4 16. Nxe4 Nxe4 17. Qxe4 Nf6 18. Qc2 Rcd8 19. c5 Bc7 20. a3 Qc8 21. Rc1 Ba6 22. cxb6 Bxb6 23. Ne5 Bxf1 24. Rxf1 Rd5 25. Nxc6 Qd7 26. Ne5 Qb7 27. Rfd1 Red8 28. b4 Ne8 29. Nc6 R8d7 30. a4 a6 31. Ne5 Rc7 32. Qe4 Nd6 33. Qf4 Rxc1 34. Rxc1 Bd8 35. Qf3 Bf6 36. Nc6 Nf5 37. Qd3 Ne7 38. Nxe7+ Bxe7 39. Bc3 Rd8 40. b5 axb5 41. Qxb5 Qa8 42. Rb1 Bf6 43. Rb4 Qe4 44. a5 Qc2 45. Bb2 Be7 46. Rb3 Bd6 47. Qd3 Qxd3 48. Rxd3 Rb8 49. Rd2 Bb4 50. Rc2 Bxa5 51. Ba3 Bd8 52. Bd6 Ra8 53. g3 Bf6 54. Be5 Be7 55. Rc7 Bd8 56. Rd7 Bb6 57. Rb7 Ba7 58. Rd7 Bb6 59. Rb7 Ba5 60. Rb3 Rd8 61. Ra3 Bb6 62. Ra6 Bxd4 63. Bxd4 Rxd4 64. h4 g5 65. hxg5 hxg5 66. Kf1 g4 67. Ke2 Re4+ 68. Kf1 Kg7 69. Ra5 Kg6 70. Rb5 f5 71. Ra5 Kf6 72. Rb5 Re5 73. Rb8 Ra5 74. Ke2 Ke5 75. Rb6 Kd5 76. Rb8 e5 77. Rb2 Ra4 78. Rb5+ Ke4 79. Rb2 Rc4 80. Ra2 Rb4 81. Rc2 Kd5 82. Rd2+ Rd4 83. Ra2 f4 84. gxf4 exf4 85. Ra8 Re4+ 86. Kd3 Rd4+ 87. Ke2 Ke6 88. Rg8 f3+ 89. Ke3 Ra4 90. Rf8 Ke5 91. Re8+ Kf6 92. Rg8 Ke6 93. Rg5 1/2-1/2